|
|
|
|
| LEADER |
02363nam a2200313 a 4500 |
| 008 |
090714r20031986ii a 000 0 eng d |
| 020 |
|
|
|a 0706995996
|
| 020 |
|
|
|a 0140366776
|
| 082 |
0 |
0 |
|a 823/.914
|2 19
|
| 100 |
|
|
|a Lamb, Charles.
|9 5808
|
| 245 |
1 |
0 |
|a Tales from Shakespeare /
|c by Charles Lamb and Mary Lamb.
|
| 260 |
|
|
|a New Delhi :
|b Madhuban Educational Books,
|c 1986 [reprinted 2003].
|
| 300 |
|
|
|a 131 pages :
|b illustrations ;
|c 22 cm.
|
| 500 |
|
|
|a Book II
|
| 541 |
1 |
|
|e 00010026
|
| 600 |
1 |
0 |
|a Shakespeare, William,
|d 1564-1616
|x Stories, plots, etc.
|v Juvenile literature.
|9 20077
|
| 600 |
1 |
0 |
|a Shakespeare, William,
|d 1564-1616.
|x Adaptations.
|9 20078
|
| 700 |
|
|
|a Lamb, Mary.
|9 5811
|
| 852 |
4 |
|
|a Ayesha Abed Library
|j General shelf
|
| 942 |
|
|
|2 ddc
|c BK
|
| 999 |
|
|
|c 2446
|d 2446
|
| 952 |
|
|
|0 0
|1 0
|2 ddc
|3 Need to change Author mark within the book ;
|4 0
|6 823_914000000000000_LAM
|7 0
|9 2260
|a BRACUL
|b BRACUL
|c GEN
|d 2009-07-15
|g 0.00
|l 7
|m 101
|o 823.914 LAM
|p 3010010026
|r 2024-05-13
|s 2023-10-04
|t 1
|w 2009-07-15
|y BK
|x No price found in the accession register.
|
| 952 |
|
|
|0 0
|1 0
|2 ddc
|4 0
|6 823_914000000000000_LAM
|7 0
|9 59390
|a SCL
|b SCL
|c GEN
|d 2016-07-21
|e Tajin Boi Gar
|g 120.00
|l 10
|m 62
|o 823.914 LAM
|p 3020008675
|r 2020-03-04
|s 2020-01-16
|t 2
|w 2016-07-21
|y BK
|
| 952 |
|
|
|0 0
|1 0
|2 ddc
|4 0
|6 823_914000000000000_LAM
|7 0
|9 59424
|a SCL
|b SCL
|c GEN
|d 2016-07-24
|e Tajin Boi Gar
|g 120.00
|l 14
|m 60
|o 823.914 LAM
|p 3020008676
|r 2020-03-10
|s 2020-01-16
|t 3
|w 2016-07-24
|y BK
|
| 952 |
|
|
|0 0
|1 0
|2 ddc
|4 0
|6 823_914000000000000_LAM
|7 0
|9 60355
|a SCL
|b SCL
|c GEN
|d 2017-04-19
|e Tajin Boi Ghar
|g 120.00
|l 9
|m 49
|o 823.914 LAM
|p 3020008909
|r 2020-03-03
|s 2020-01-16
|t 4
|w 2017-04-19
|y BK
|
| 952 |
|
|
|0 0
|1 0
|2 ddc
|4 0
|6 823_914000000000000_LAM
|7 0
|9 60356
|a SCL
|b SCL
|c GEN
|d 2017-04-19
|e Tajin Boi Ghar
|g 120.00
|l 10
|m 54
|o 823.914 LAM
|p 3020008910
|r 2020-03-10
|s 2020-01-23
|t 5
|w 2017-04-19
|y BK
|
| 952 |
|
|
|0 0
|1 0
|2 ddc
|4 0
|6 823_914000000000000_LAM
|7 0
|9 60357
|a SCL
|b SCL
|c GEN
|d 2017-04-19
|e Tajin Boi Ghar
|g 120.00
|l 12
|m 57
|o 823.914 LAM
|p 3020008911
|r 2024-11-25
|s 2024-11-01
|t 6
|w 2017-04-19
|y BK
|
| 952 |
|
|
|0 0
|1 0
|2 ddc
|4 0
|6 823_914000000000000_LAM
|7 0
|9 60358
|a SCL
|b SCL
|c GEN
|d 2017-04-19
|e Tajin Boi Ghar
|g 120.00
|l 11
|m 63
|o 823.914 LAM
|p 3020008912
|r 2020-03-09
|s 2020-01-16
|t 7
|w 2017-04-19
|y BK
|
| 952 |
|
|
|0 0
|1 0
|2 ddc
|4 0
|6 823_914000000000000_LAM
|7 0
|9 60359
|a SCL
|b SCL
|c GEN
|d 2017-04-19
|e Tajin Boi Ghar
|g 120.00
|l 11
|m 58
|o 823.914 LAM
|p 3020008913
|r 2024-03-11
|s 2024-03-03
|t 8
|w 2017-04-19
|y BK
|